000
00273nam a2200109Ia 4500
005
20251222143226.0
008
251222s9999||||xx |||||||||||||| ||spa||
082
_a
923.7/P78
245
0
_a
Homenaje a Raúl Porras Barrenechea
264
_b
Fondo Editorial UNMSM
942
_c
LIB
999
_c
14011
_d
14011